000 00770nam a2200253Ia 4500
003 OSt
005 20220918110252.0
006 a|||||r|||| 00| 0
007 ta
008 220915b |||||||| |||| 00| 0 eng d
024 _a240594
037 _cReference Collections
040 _aARTS
_cARTS
_beng
041 _2eng
_aeng
082 _aP152:4k, 111P5(RR)
100 _aChaturvedi Mahendra Ed.
_96784
245 0 _aPractical Hindi - English dictionary
260 _aNew Delhi
_bNational Publishing House
_c2005
300 _a875p.
650 _aLINGUISTICS
700 _a Tiwari Bhola Nath Ed.
_96785
942 _hP152:4k, 111P5(RR)
_cREF
999 _c111951
_d111951